| 000 | 02923nam a2200457 c 4500 | ||
|---|---|---|---|
| 003 | BLK | ||
| 005 | 20240216161034.0 | ||
| 008 | 180409b bul|||||r ||||||| ||bul|| | ||
| 010 | _aKNG00136776000 | ||
| 020 |
_a978-954-685-926-6 _bиздат.: СофтПрес - на том(т.3) |
||
| 040 | _aBLK | ||
| 041 |
_aBUL _cBUL |
||
| 072 | 7 |
_2bullib _aН61 _xМедицина Н |
|
| 080 |
_aАнатомия. Вж и 572 ; 591.4 ; 616.1/.9 ; 343.9 ; 743 _b611 _x(084)(075.8) _z611(084)(075.8) |
||
| 080 |
_aСпециална анатомия. Анатомия на отделните органи и системи _b611.1/.8 _x(084)(075.8) _z611.1/.8(084)(075.8) |
||
| 100 | 1 |
_aСинелников, Рафаил Давидович _eпърви автор _9322522 |
|
| 700 | 1 |
_aСинелников, Яков Рафаилович _eсъавт. _9322523 |
|
| 700 | 1 |
_aСинелников, Александър Яковлевич _eсъавт. _9322524 |
|
| 700 | 1 |
_aМинчева-Томова, Милка _eпрев. от рус. _9322525 |
|
| 700 | 1 |
_aОвчаров, Владимир Атанасов _eпод ред. на _9365509 |
|
| 139 |
_aСинелников, Рафаил Давидович и др. _bС 37 |
||
| 245 | 1 | 0 |
_aАтлас по анатомия на човека _bВ 4 т. : Т. 1 - _cРафаил Давидович Синелников; съавт. Яков Рафаилович Синелников; съавт. Александър Яковлевич Синелников; прев. от рус. Милка Минчева-Томова; под ред. на Владимир Атанасов Овчаров. _nТ. 3 _pАнгиология, лимфни възли |
| 250 | _a7. прераб. изд. | ||
| 257 | _aRUS | ||
| 260 |
_аСофия _c2010 - _fЗа том: Добрич : ФолиАрт |
||
| 300 | _c31 см | ||
| 380 | _a61 | ||
| 500 | _aОриг. загл. Атлас анатомии человека / Р. Д. Синельников, Я. Р. Синельников, А. Я. Синельников | ||
| 650 | 4 |
_aАнатомия - атласи _9270692 |
|
| 650 | 4 |
_aСъдова система - атласи _9322527 |
|
| 653 | _aанатомия | ||
| 653 | _aсъдова система | ||
| 659 | _aН | ||
| 760 | 1 |
_3- на том(т.3) _aСинелников, Рафаил Давидович _b7. прераб. изд. _dСофтПрес, 2011 _h214 с. : с цв. ил. _nОриг. загл. Учение о сосудах и лимфоидных органах. - Загл. на гърба на загл. с. Учение за съдовете и лимфните органи. - Азб. показалец. _tТ. 3 Ангиология, лимфни възли |
|
| 852 | _aЦб ІІ 17504 | ||
| 856 | 4 |
_qpdf _u |
|
| 856 | 4 |
_qpdf _u |
|
| 942 |
_cKNG _n0 _01 |
||
| 944 |
_aCR _c04.12.2012 _k30535 _lХристина Везирева |
||
| 944 |
_aED _c07.12.2012 _k |
||
| 999 |
_c130977 _d130977 |
||